000 01898nam0a2200361 4500
001 RU\NLR\BIBL_A\012632646
005 20220131115725.0
010 _a978-5-907330-79-5
_9500
021 _aRU
_bКН-П-21-044135
_9КН-П-21-3480
035 _a(NLR Aleph) 012632646
090 _a12671544
_c12671544
100 _a20211027d2021 k y0rusy50 ca
101 0 _arus
102 _aRU
105 _ay z 000zy
181 0 _ai
_baxxe
182 0 _an
200 1 _aЭкономическая безопасность хозяйствующего субъекта в современных условиях
_eмонография
_fМ. А. Булатенко, В. Г. Николаев, В. А. Спановский
203 _aТекст
_bвизуальный
_cнепосредственный
210 _aМосква
_cНаучный консультант
_d2021
215 _a170, [2] с.
_d21
320 _aБиблиогр.: с. 162-167 (65 назв.) и в подстроч. примеч.
606 1 _aЭкономическая безопасность
_yРоссийская Федерация
_92085187
_3RU\NLR\AUTH\661261300
606 1 _aКонфликты экономические
_xРазрешение
_xПравовые вопросы
_yРоссийская Федерация
_92324245
_3RU\NLR\AUTH\661390317
686 1 _aУ9(2)-971(2Р)
686 1 _aХ629.218
700 1 _aБулатенко
_bМ. А.
_gМария Андреевна
701 1 _7ca
_8rus
_aНиколаев
_bВ. Г.
_cспециалист в обл. экон. безопасности
_gВячеслав Георгиевич
_9189865
_3RU\NLR\AUTH\770189916
701 1 _7ca
_8rus
_aСпановский
_bВ. А.
_gВладимир Александрович
_937518
_3RU\NLR\AUTH\7754586
942 _cBOOK
980 _aNB